Sparks Lyrics Quiz - Statistics

General Stats
  • This quiz has been taken 14 times
  • The average score is 76 of 110
Answer Stats
Lyrics % Correct
away?
100%
Did
100%
I
100%
know
100%
know"
100%
you
100%
You
100%
do
86%
drive
86%
"Oh,
86%
"Oh"
86%
Oh,
86%
say
86%
say,
86%
what
86%
down
71%
let
71%
saw
71%
sparks
71%
that
71%
will,
71%
will
71%
won't
71%
Yeah,
71%
yeah,
71%
always
57%
And
57%
But
57%
for
57%
I'll
57%
look
57%
out
57%
promise
57%
that's
57%
this
57%
was
57%
yes,
57%
cry,
43%
it
43%
It's
43%
on
43%
said
43%
sing
43%
Sing
43%
wrong
43%
you'll
43%
heart
29%
hold
29%
is
29%
My
29%
one
29%
to
29%
we
29%
yours
29%
La-la-la-la,
14%
oh-oh
14%
No matching quizzes found
Score Distribution
Percent of People with Each Score
Percentile by Number Answered
Your Score History
You have not taken this quiz